000 00303 a2200145 4500
001 179851
020 _a
040 _cMagnum
100 _aBraga, Jussara
240 1 0 _aPirata de palavras
_lpor
245 1 0 _aPirata de palavras
362 0 _a1899
697 _aMAGNITO: I/PARADIDATICO
942 _cBK
999 _c179851
_d179851